|
|
|
|
| LEADER |
00000nab a2200000 ar4500 |
| 001 |
vtls009353861 |
| 003 |
SK-MaSNL |
| 005 |
20260303190537.0 |
| 008 |
081028c2008 xo mr|p|||||||000 b|slo |
| 015 |
|
|
|a SNBRB2008/10
|2 snkbucl
|
| 038 |
|
|
|a SNKBUCL
|
| 040 |
|
|
|a SNKBUCL
|b slo
|c SNKBUCL
|e AACR2
|
| 041 |
0 |
|
|a slo
|
| 044 |
|
|
|a xo
|c SK
|
| 080 |
|
|
|a 792.071.2
|2 1997
|
| 080 |
|
|
|a 791.44.071.2
|2 1997
|
| 100 |
1 |
|
|a Koželová, Soňa
|4 aut
|4 ivr
|9 647502
|
| 245 |
1 |
0 |
|a Na históriu by sme nemali zabúdať
|c Soňa Koželová
|
| 300 |
|
|
|b Fotogr.
|
| 600 |
1 |
7 |
|a Kronerová, Zuzana,
|d 1952-
|2 snkbucl
|9 101892
|
| 700 |
1 |
|
|a Kronerová, Zuzana,
|d 1952-
|4 aut
|4 ive
|9 101892
|
| 773 |
0 |
|
|t Žurnál
|g Roč. II, č. 42 (2008), s. 33-33-
|x 1337-219X
|
| 852 |
|
|
|a SNK
|b KIS3GCP
|
| 958 |
|
|
|a BX
|
| 999 |
|
|
|c 2136757
|d 2138687
|